00523nam a2200169Ia 4500003000900000008004100009040001600050080001500066100002100081245011200102260003500214300001500249650002600264650001900290700002200309700002200331IN-BaIIA211028s9999 xx 000 0 eng d cIIA Library a621-1bHES aHesse, Herman C. 0aProcess equipment designcHerman C. Hesse and Henry J. Rushton  aTorontobD. Van Nostrandc1945 avii, 580p. aMechanical properties aNASA thesaurus aRushton, Henry J. aRushton, Henry J.